[Event "Hessen-chB"]
[Site "Marburg"]
[Date "2006.04.15"]
[Round "7.7"]
[White "Hahn, Werner"]
[Black "Von Chamier, Ralf"]
[Result "1-0"]
[WhiteElo "2147"]
[BlackElo "1798"]
[PlyCount "93"]
[EventDate "2006.04.13"]
[EventType "swiss"]
[EventRounds "7"]
[EventCountry "GER"]
[SourceTitle "EXT 2007"]
[Source "ChessBase"]
[SourceDate "2006.11.23"]
[SourceVersion "1"]
[SourceVersionDate "2006.11.23"]
[SourceQuality "1"]

1. d4 Nf6 2. c4 e6 3. Nf3 b6 4. g3 Bb7 5. Bg2 d5 6. Ne5 Nbd7 7. Qa4 Be7 8. Nc6 Bxc6 9. Qxc6 0-0 10. Nc3 Bb4 11. 0-0 Bxc3 12. bxc3 Rc8 13. cxd5 e5 14. Bg5 exd4 15. Bh3 Ne5 16. Bxf6 gxf6 17. Qa4 dxc3 18. Bxc8 Qxc8 19. Rac1 c2 20. Qf4 Qh3 21. f3 Qd7 22. Qxf6 Qxd5 23. Rxc2 c5 24. Qg5+ Kh8 25. Qd2 Qc6 26. Rd1 Qg6 27. Qc3 f6 28. Kg2 Nc6 29. Rcd2 Nd4 30. e3 Nf5 31. Rd8 Qh6 32. Rxf8+ Qxf8 33. Rd5 Ng7 34. Qd3 Ne8 35. Rd7 Qg8 36. Rd8 Qxa2+ 37. Qd2 Qxd2+ 38. Rxd2 Kg8 39. Rd7 a6 40. Ra7 Nd6 41. Rxa6 Nc4 42. Kf2 Kf7 43. Ke2 Ke6 44. e4 Kd6 45. h4 Kc6 46. Ra7 h5 47. Rf7 1-0

[Event "Hessen-chB"]
[Site "Marburg"]
[Date "2006.04.13"]
[Round "2.9"]
[White "Von Chamier, Ralf"]
[Black "Hillgaertner, Walter"]
[Result "0-1"]
[WhiteElo "1798"]
[BlackElo "2055"]
[PlyCount "87"]
[EventDate "2006.04.13"]
[EventType "swiss"]
[EventRounds "7"]
[EventCountry "GER"]
[SourceTitle "EXT 2007"]
[Source "ChessBase"]
[SourceDate "2006.11.23"]
[SourceVersion "1"]
[SourceVersionDate "2006.11.23"]
[SourceQuality "1"]

1. Nf3 g6 2. g3 Bg7 3. Bg2 c5 4. c4 Nc6 5. Nc3 d6 6. 0-0 Nf6 7. d4 cxd4 8. Nxd4 Bd7 9. Ncb5 a6 10. Nxc6 Bxc6 11. Nd4 Bxg2 12. Kxg2 0-0 13. Qb3 Nd7 14. Be3 Nc5 15. Qc2 Qc8 16. Rac1 Ne6 17. Nf3 Qc6 18. Qd2 Rac8 19. Bh6 Qe4 20. Bxg7 Kxg7 21. b3 Rc5 22. Kg1 Rfc8 23. Rfd1 Qg4 24. Qb2+ f6 25. Rd5 Qe4 26. Rcd1 Rxd5 27. Rxd5 b5 28. Nd4 bxc4 29. bxc4 Rxc4 30. Nxe6+ Qxe6 31. Rd3 Re4 32. e3 a5 33. Ra3 Rb4 34. Qd2 Rb1+ 35. Kg2 Qe4+ 36. Kh3 Rg1 37. Rxa5 Qe6+ 38. Kh4 g5+ 39. Rxg5+ fxg5+ 40. Kxg5 Qf6+ 41. Kg4 Rg2 42. Qd5 Rxf2 43. a4 Qg6+ 44. Kh3 0-1

[Event "Main Vogelsberg-ch"]
[Site "Grossauheim"]
[Date "2004.11.13"]
[Round "2"]
[White "Schloessner, Henrik"]
[Black "Von Chamier, Ralf"]
[Result "1-0"]
[WhiteElo "1876"]
[BlackElo "1757"]
[PlyCount "123"]
[EventDate "2004.11.13"]
[EventType "swiss"]
[EventRounds "7"]
[EventCountry "GER"]
[SourceTitle "EXT 2022"]
[Source "ChessBase"]
[SourceDate "2021.10.06"]
[SourceVersion "1"]
[SourceVersionDate "2021.10.06"]
[SourceQuality "1"]

1. e4 f5 2. exf5 Nf6 3. d4 d5 4. Bd3 Nc6 5. c3 e5 6. fxe6 Bxe6 7. Nf3 Bd6 8. Qe2 Qe7 9. Bg5 0-0-0 10. Ne5 Bd7 11. Bxf6 Qxf6 12. Nxd7 Rxd7 13. 0-0 Qh6 14. g3 Qh3 15. Nd2 h5 16. Nf3 Re7 17. Qc2 Rf8 18. Nh4 Ref7 19. Ng6 Re8 20. Rae1 Ne7 21. Nxe7+ Rexe7 22. Rxe7 Bxe7 23. Qa4 c6 24. Qxa7 Qd7 25. b4 h4 26. b5 Bd6 27. bxc6 Qxc6 28. Qa8+ Bb8 29. Qa5 Qe6 30. c4 hxg3 31. hxg3 dxc4 32. Qc5+ Qc6 33. Qxc6+ bxc6 34. Bxc4 Rf3 35. Kg2 Rc3 36. Ba6+ Kc7 37. Rb1 Ra3 38. Bc4 Ba7 39. d5 Rc3 40. dxc6 Bxf2 41. Kxf2 Rxc4 42. Rb7+ Kxc6 43. Rxg7 Rc2+ 44. Kf3 Rxa2 45. Re7 Kd6 46. Re1 Kd5 47. g4 Ra3+ 48. Kf4 Ra2 49. Kf5 Rf2+ 50. Kg6 Kd6 51. g5 Kd7 52. Kg7 Rg2 53. g6 Kd6 54. Kf7 Rf2+ 55. Kg8 Rg2 56. g7 Kd7 57. Re4 Rg3 58. Kf7 Rf3+ 59. Kg6 Rg3+ 60. Kf6 Rf3+ 61. Kg5 Rg3+ 62. Rg4 1-0